Quantitative chemical analysis / (Record no. 1839)
[ view plain ]
| 000 -LEADER | |
|---|---|
| fixed length control field | 00567pam a2200193 a 4500 |
| 001 - CONTROL NUMBER | |
| control field | 2332121 |
| 005 - DATE AND TIME OF LATEST TRANSACTION | |
| control field | 20241130122354.0 |
| 008 - FIXED-LENGTH DATA ELEMENTS--GENERAL INFORMATION | |
| fixed length control field | 820419s1982 caua 001 0 eng |
| 020 ## - INTERNATIONAL STANDARD BOOK NUMBER | |
| International Standard Book Number | 0716713470 |
| 050 00 - LIBRARY OF CONGRESS CALL NUMBER | |
| Classification number | QD101.2 |
| Item number | .H37 1982 |
| 082 00 - DEWEY DECIMAL CLASSIFICATION NUMBER | |
| Classification number | 545 |
| Edition information | 19 |
| 100 1# - MAIN ENTRY--PERSONAL NAME | |
| Personal name | Harris, Daniel C., |
| Dates associated with a name | 1948- |
| 245 10 - TITLE STATEMENT | |
| Title | Quantitative chemical analysis / |
| Statement of responsibility, etc. | Daniel C. Harris. |
| 260 ## - PUBLICATION, DISTRIBUTION, ETC. | |
| Place of publication, distribution, etc. | New York |
| Name of publisher, distributor, etc. | W.H. Freeman and Company |
| Date of publication, distribution, etc. | c1982. |
| 300 ## - PHYSICAL DESCRIPTION | |
| Extent | xvi, 748 p. : |
| Other physical details | ill. ; |
| Dimensions | 25 cm. |
| 500 ## - GENERAL NOTE | |
| General note | Includes index. |
| 650 #0 - SUBJECT ADDED ENTRY--TOPICAL TERM | |
| Topical term or geographic name entry element | Analytical chemistry |
| General subdivision | Quantitative. |
| 942 ## - ADDED ENTRY ELEMENTS (KOHA) | |
| Source of classification or shelving scheme | Library of Congress Classification |
| Koha item type | Books |
| Suppress in OPAC | No |
| 999 ## - | |
| -- | 1839 |
| -- | 1839 |
| Withdrawn status | Lost status | Source of classification or shelving scheme | Damaged status | Not for loan | Collection | Home library | Current library | Shelving location | Date acquired | Total checkouts | Full call number | Barcode | Date last seen | Copy number | Price effective from | Koha item type |
|---|---|---|---|---|---|---|---|---|---|---|---|---|---|---|---|---|
| Library of Congress Classification | Non-fiction | Science Library (Miotso) | Science Library (Miotso) | General stacks | 11/30/2024 | QD101.2.H37 HAR | SLM00001041 | 11/30/2024 | 1 | 11/30/2024 | Books |